Work measurement in performance budgeting and management improvement (Record no. 491732)

000 -LEADER
fixed length control field 00374cam a22001097a 4500
008 - FIXED-LENGTH DATA ELEMENTS--GENERAL INFORMATION
fixed length control field 180718b1950 xxu||||| |||| 00| 0 eng d
082 ## - DEWEY DECIMAL CLASSIFICATION NUMBER
Classification number I57 Un3
245 ## - TITLE STATEMENT
Title Work measurement in performance budgeting and management improvement
Statement of responsibility, etc. by Bureau of Budget, United States
260 ## - PUBLICATION, DISTRIBUTION, ETC.
Place of publication, distribution, etc. Washington
Name of publisher, distributor, etc. Bureau of Budget
Date of publication, distribution, etc. 1950
300 ## - PHYSICAL DESCRIPTION
Extent 30+p
700 ## - ADDED ENTRY--PERSONAL NAME
Personal name United States. Bureau of Budget
Holdings
Withdrawn status Lost status Damaged status Not for loan Permanent Location Current Location Date acquired Full call number Barcode Date last seen Price effective from Koha item type
        Indian Institute of Public Administration Indian Institute of Public Administration 2018-08-04 I57 Un3 GG2640 2018-08-04 2018-08-04 GG

Powered by Koha